[Event "IRT Club Caissa 2019"]
[Site "Guatemala"]
[Date "2019.01.12"]
[Round "8"]
[White "Barrientos, Sergio E"]
[Black "Calderin Gonzalez, Roberto"]
[Result "1-0"]
[WhiteElo "2494"]
[BlackElo "2427"]
[Annotator "TA"]
[PlyCount "117"]
[EventDate "2019.01.09"]
[EventType "swiss"]
[EventCountry "GUA"]
[SourceTitle "playchess.com"]
[Source "ChessBase"]
[SourceQuality "1"]

{[%evp 22,117,0,-2,0,-11,7,4,18,12,10,12,31,13,37,37,48,51,68,40,48,31,19,25,97,89,130,101,89,108,89,72,106,106,155,147,227,235,213,185,188,185,377,373,376,366,466,406,388,284,291,257,281,278,325,302,387,327,318,321,420,425,426,403,432,369,429,360,394,370,352,326,360,273,311,289,299,235,337,197,173,181,193,143,166,189,184,0,252,161,1282,1224,1237,1207,3403,270,29995,29996]} 1. d4 g6 2. e4 Bg7 3. Nf3 d6 4. c3 Nf6 5. Bd3 O-O 6. O-O Nbd7 7. Re1 e5 8. Nbd2 b6 9. Nf1 Bb7 10. Ng3 {B07: Pirc Defence: Miscellaneous Systems} Re8 11. d5 c6 12. c4 {LiveBook: 8 Games. The position is equal.} a5 13. Bc2 $146 ({Predecessor:} 13. Rb1 Nc5 14. Bf1 Qd7 15. b3 Ba6 16. a3 cxd5 17. exd5 a4 18. bxa4 {0-1 (54) Zubov,A (2604)-Onischuk,V (2608) Lvov 2017}) 13... cxd5 14. cxd5 Ba6 15. h3 Nc5 16. Be3 Nfd7 17. Qd2 Qe7 18. b3 {[%cal Bb2b3,Bb3b4][%mdl 32]} Rec8 19. a3 a4 20. b4 Nb3 21. Bxb3 $1 axb3 22. Qb2 h5 (22... Bc4 $11 {keeps the balance.}) 23. Qxb3 $16 h4 24. Bg5 Bf6 25. Bxf6 Qxf6 26. Nf1 Bc4 27. Qe3 b5 28. N1d2 Ra6 (28... Qf4 $16 29. Qxf4 exf4) 29. Nxc4 $18 Rxc4 30. Nd2 Rc8 31. Qd3 Qf4 $2 (31... Rb8 32. Rec1 Qe7) 32. Qxb5 Ra7 33. Nc4 Nf8 34. Qb6 Rd7 35. Na5 Rc3 36. Nc6 g5 37. Re3 Rc2 38. Rf1 Kg7 39. b5 g4 40. Nb4 Rd2 41. Nd3 Qg5 42. hxg4 Qxg4 43. Qa5 Rc2 44. Qe1 Rb7 45. Qb1 Rc4 46. f4 {[%cal Bf2f4,Bf4f5][%mdl 32]} Ng6 47. f5 Nf8 48. Nf2 Qg5 49. Rf3 Nh7 (49... f6 {was worth a try.} 50. Qb3 Rd4) 50. Nh3 (50. Qd3 $142 Rd4 51. Qc3) 50... Qd2 51. f6+ Kg6 52. Kh2 {aiming for Qb3.} Qd4 53. Nf2 Qd2 54. Nh3 (54. Rh3 $142) 54... Qd4 $1 55. a4 {[%mdl 64] Deflection} Rxa4 $2 (55... Qxe4 56. a5 Qxb1 57. Rxb1 Ra4) 56. Qc1 {Threatening mate with Qc8.} Rc4 57. Qa3 {White threatens Qa8 and mate.} Qc5 {[#]} 58. Qd3 $2 (58. Rg3+ $3 {[%mdl 512]} Kh6 {[#]} (58... hxg3+ 59. Qxg3+) 59. Qf3 $3 {[%mdl 512]} Rc3 60. Qg4 $3 {[%mdl 512]} hxg3+ 61. Kh1 Nxf6 62. Rxf6+ Kh7 63. Ng5+ {[%mdl 64] Double Attack} Kh8 64. Rh6+ Kg7 65. Ne6+ {[%mdl 64] Double Attack, Discovered Attack (Double check)} Kxh6 66. Qg7+ Kh5 67. Qg5#) 58... Rd4 $2 {[#]} (58... Qd4 $18) 59. Rg3+ $1 {[%mdl 512] Accuracy: White = 60%, Black = 34%.} 1-0

[Event "IRT Club Caissa 2019"]
[Site "Guatemala"]
[Date "2019.01.12"]
[Round "8"]
[White "Strikovic, Aleksa"]
[Black "Zaragatski, Ilja"]
[Result "0-1"]
[WhiteElo "2490"]
[BlackElo "2465"]
[Annotator "TA"]
[PlyCount "84"]
[EventDate "2019.01.09"]
[EventType "swiss"]
[EventCountry "GUA"]
[SourceTitle "playchess.com"]
[Source "ChessBase"]
[SourceQuality "1"]

{[%evp 23,84,64,57,3,87,83,108,117,124,119,116,118,116,128,158,130,125,139,167,161,171,166,178,166,183,182,254,251,239,109,103,73,75,75,75,74,68,71,79,73,73,64,64,64,64,64,65,64,61,54,46,-190,-197,-203,-188,-207,-206,-243,-252,-258,-247,-310,-308]} 1. e4 d6 2. d4 Nf6 3. Nc3 e5 4. dxe5 dxe5 5. Qxd8+ Kxd8 6. Bc4 Ke8 7. Nf3 {[%cal Bg1f3,Bf3d2,Bd2c4,Bc4e5][%mdl 32]} Bd6 8. Bg5 Nbd7 9. O-O-O {B07: Pirc Defence: Miscellaneous Systems} (9. Nd2 c6 10. Bb3 Bc7 11. O-O Nc5 12. Be3 Ne6 13. f3 Ke7 14. Rfd1 Rd8 15. Ne2 Nh5 16. g3 Nf6 {½-½ (50) Shomoev,A (2550)-Najer,E (2682) Sochi 2017}) 9... a6 10. a4 h6 11. Bh4 Kf8 12. Nd2 g6 {LiveBook: 3 Games} 13. Bb3 (13. f3 $14) 13... Kg7 (13... b5 $11 {keeps the balance.}) 14. Nc4 $16 {[#]} Be7 $146 ({Predecessor:} 14... Bb4 15. Nxe5 Bxc3 16. Nxd7 Bxb2+ 17. Kxb2 Nxd7 {1-0 (25) Berelowitsch,A (2566)-Strikovic,A (2557) Marrakesh 2010}) 15. Bg3 Nh5 {[%cal Bf6h5,Bh5f4,Bf4h3][%mdl 32]} 16. Bxe5+ Nxe5 17. Nxe5 Nf4 18. g3 Nh3 19. Rd2 {And now Nd5 would win.} ({Don't play} 19. Nxf7 $6 Rf8 $14) 19... Bc5 20. Kb1 ({Much less strong is} 20. Nxf7 Rf8) 20... f6 21. Nd3 Bb6 22. f4 Re8 23. e5 fxe5 24. Nxe5 Bf5 (24... Nf2 {keeps fighting.}) 25. Rhd1 $18 {Rd7+! is the strong threat.} Bc5 {[#]} 26. Bd5 (26. g4 $1 $18 {[%cal Rg4f5] and the rest is easy.} Nxf4 27. gxf5 Rxe5 28. Rd7+ Kf6 29. Rf1 (29. Rxc7 gxf5 30. Rf1 Ne6 $16)) 26... c6 $16 27. Bg2 {Black must now prevent Ne4.} Nf2 28. Rf1 Ng4 29. Nxg4 Bxg4 30. Ne4 Bb4 31. Rd4 a5 32. c3 Bf8 33. Kc1 Rad8 34. Rxd8 Rxd8 35. Nf2 Be6 36. Be4 Re8 37. Rd1 $2 {[#]} (37. Kc2 $14 {keeps the upper hand.}) 37... Bc5 $19 38. Nd3 Be3+ 39. Kc2 Bg4 40. Bg2 Bxd1+ 41. Kxd1 Bg1 42. h4 Re3 {Precision: White = 52%, Black = 72%.} 0-1

[Event "IRT Club Caissa 2019"]
[Site "Guatemala"]
[Date "2019.01.12"]
[Round "8"]
[White "Gonzalez, Renier"]
[Black "Juarez Flores, Roberto"]
[Result "1-0"]
[WhiteElo "2451"]
[BlackElo "2109"]
[Annotator "TA"]
[PlyCount "133"]
[EventDate "2019.01.09"]
[EventType "swiss"]
[EventCountry "GUA"]
[SourceTitle "playchess.com"]
[Source "ChessBase"]
[SourceQuality "1"]

{[%evp 11,133,37,29,26,14,18,24,27,24,39,41,43,43,36,48,50,42,27,78,29,58,16,14,-16,-17,-15,52,9,72,45,267,30,101,104,91,38,79,79,179,158,179,105,225,40,148,145,133,79,77,70,159,51,60,45,42,52,119,121,123,0,115,0,123,112,188,181,179,204,229,229,221,221,221,221,232,221,232,232,232,232,532,496,481,545,484,388,377,331,695,444,674,818,784,770,616,665,692,620,1937,1949,1802,1775,1616,1467,1264,1068,29957,29961,6270,2965,2860,1725,2616,1669,6098,6406,29993,29994,29995,5600,29996,29997,29998,29999]} 1. Nf3 e6 2. g3 f5 3. Bg2 Nf6 4. O-O g6 (4... d5 5. d3 Bd6 6. c4 dxc4 7. dxc4 O-O 8. Nc3 Nc6 9. e4 e5 10. Bg5 Kh8 11. exf5 Bxf5 12. Nh4 Be6 13. Nd5 Qd7 14. Nxf6 gxf6 {0-1 (53) Kramnik,V (2812)-Carlsen,M (2855) Leuven 2016}) 5. c4 Bg7 6. Nc3 {A04: Unusual lines after 1 Nf3 and King's Indian Attack} O-O {LiveBook: 3 Games} 7. d3 d6 8. Rb1 {The position is equal.} a5 $146 ({Predecessor:} 8... Nc6 9. b4 Ne7 10. c5 c6 11. cxd6 Qxd6 12. Bf4 {1-0 (27) Pietzsch,M (2185)-Isler,B (1885) Kiel 2018}) 9. a3 {[%cal Ba2a3,Ba3b4,Bb4b5,Bb5b6][%mdl 32]} Nc6 10. b4 axb4 11. axb4 Nh5 12. Bd2 h6 13. b5 Ne7 14. e3 Qe8 (14... e5 $11) 15. Qb3 g5 16. b6 {Threatens to win with Nb5.} c6 $1 17. Ra1 Rxa1 18. Rxa1 f4 ({Better is} 18... e5 $11) 19. Ra8 fxg3 (19... fxe3 $11 20. fxe3 (20. Bxe3 Nf5 $11) 20... g4) 20. hxg3 $16 Qf7 $2 (20... g4 $14 21. Nh4 (21. Nh2 Qf7 $14) 21... Qf7) 21. Be1 $2 (21. Ne4 $1 $18 {[%cal Re4d6]} Rd8 22. c5 dxc5 23. Nxc5) 21... d5 (21... g4 $11 22. Nh4 d5) 22. d4 Ng6 23. Na4 (23. cxd5 $16 exd5 24. Nd2) 23... Nf6 24. Nc5 Ng4 (24... Nd7 $16 {was necessary.}) 25. Qc2 $18 Ne7 26. Nh2 ({White should try} 26. e4 $18) 26... Nf6 (26... Nxh2 $16 27. Kxh2 dxc4) 27. Nd3 $2 (27. Rb8 $18) 27... Ng6 (27... Nd7 $1 $14) 28. Bb4 $16 Re8 {[#]} 29. Bd6 (29. Bh3 $142 $1) 29... Nd7 30. Bc7 Rf8 (30... h5 $14) 31. f4 (31. Bf3 $16) 31... gxf4 $14 32. Nxf4 Nxf4 33. gxf4 Nf6 (33... dxc4 $14 34. Qxc4 Kh8) 34. Bd6 $16 Rd8 35. Bc7 Rf8 $1 36. Bd6 Rd8 $1 {[#]} 37. c5 $1 $36 {[%mdl 2048] White is on the roll.} Bf8 (37... h5 $16 {might work better.} 38. Nf3 Ne4) 38. Be5 $18 Be7 39. Bf3 Qh7 40. Qxh7+ Kxh7 41. Bxf6 Bxf6 42. Ng4 Bg7 43. Kf2 Rg8 44. Ne5 Bxe5 45. dxe5 {[%mdl 4096] Endgame KRB-KRB} ({But not} 45. fxe5 $6 Kg7 $16) 45... Bd7 $2 (45... Kg6 {was worth a try.} 46. e4 dxe4) 46. Ra7 Rb8 47. Bh5 Kg7 48. Kg3 Kf8 49. Kh4 Kg7 $2 (49... Be8 50. Bxe8 Kxe8) 50. Kg4 Bc8 (50... Kh7 $142 51. Kf3 Kg8) 51. Be8 Kf8 52. Bg6 Bd7 53. Kh5 Kg7 54. Ra1 Be8 55. Rg1 Bf7 56. Bxf7+ Kxf7 {KR-KR} 57. Rg6 Ra8 58. Rxh6 Ra5 59. Rh7+ Ke8 60. Rxb7 Rxc5 61. Rc7 Kd8 62. Kg6 Rc3 63. f5 exf5 64. e6 {[%cal Be5e6,Be6e7][%mdl 32]} Rb3 65. e7+ Ke8 66. Kf6 Rxe3 67. Rc8+ {Accuracy: White = 59%, Black = 28%.} 1-0

[Event "IRT Club Caissa 2019"]
[Site "Guatemala"]
[Date "2019.01.12"]
[Round "8"]
[White "Juarez Flores, Carlos A."]
[Black "Mitkov, Nikola"]
[Result "1-0"]
[WhiteElo "2377"]
[BlackElo "2477"]
[Annotator "TA"]
[PlyCount "63"]
[EventDate "2019.01.09"]
[EventType "swiss"]
[EventCountry "GUA"]
[SourceTitle "playchess.com"]
[Source "ChessBase"]
[SourceQuality "1"]

{[%evp 21,63,-47,-34,-34,-31,-35,-33,-23,136,-27,-25,-22,-14,-49,-47,-50,-50,-54,-41,-70,-7,-43,0,0,0,0,50,47,53,9,144,142,137,38,532,529,523,533,507,520,835,827,823,820]} 1. d4 d5 2. c4 e6 3. Nc3 Bb4 4. Nf3 Nf6 5. Bg5 h6 6. Bh4 dxc4 7. e3 b5 8. a4 c6 9. Be2 Nbd7 {D43: Semi-Slav: 5 Bg5 h6} 10. O-O Qb6 11. Qc2 Bb7 {LiveBook: 4 Games. Black is slightly better.} 12. Rfd1 (12. b3 cxb3 13. Qxb3 Bxc3 14. Qxc3 b4 15. Qc2 {1-0 (63) Mamedyarov,S (2799)-Le,Q (2737) Huaian 2017}) 12... a6 13. Ne5 Nxe5 $146 ({Predecessor:} 13... g5 14. Bg3 h5 15. Nxd7 Nxd7 16. Ne4 h4 17. Bd6 Bxd6 18. Nxd6+ Ke7 19. Nxb7 Qxb7 20. axb5 axb5 21. e4 Nf6 22. h3 Rxa1 23. Rxa1 Qb6 24. Rd1 {½-½ (24) Dragicevic,D (2251)-Schon,E (2126) Canberra 2010}) 14. dxe5 Bxc3 $2 {[#]} (14... Nd5 $11) 15. bxc3 $2 ({White must play} 15. Bxf6 $1 $16 gxf6 16. Qxc3) 15... Nd5 $11 16. e4 Nf4 17. Bf1 Ng6 18. Bg3 O-O 19. Kh1 Rfd8 20. f4 {[%cal Bf2f4,Bf4f5,Bf5f6,Bf6g7][%mdl 32]} Qc7 (20... Rxd1 $15 21. Rxd1 c5) 21. Qf2 c5 {And now ...Rxd1 would win.} 22. Re1 $1 Rd7 23. Rab1 Qc6 24. f5 Nf8 25. f6 Rad8 (25... g5 $1 $11 {keeps the balance.}) 26. fxg7 $16 Ng6 27. Bh4 (27. h4 $16) 27... Rd3 $2 {[%mdl 8192] [#]} ({Black should try} 27... Nxh4 $14 28. Qxh4 Kxg7) 28. Bxd8 $18 {White is clearly winning.} Rxd8 29. Rbd1 Qc7 30. axb5 Rxd1 (30... axb5 $142 31. Qf6 Rd7 32. Rxd7 Qxd7) 31. Rxd1 Qxe5 32. Rd7 {Accuracy: White = 61%, Black = 35%.} 1-0

[Event "IRT Club Caissa 2019"]
[Site "Guatemala"]
[Date "2019.01.12"]
[Round "8"]
[White "Cu Hor, Winston Darwin"]
[Black "Chinchilla, Alejandro Jose"]
[Result "1/2-1/2"]
[WhiteElo "2320"]
[BlackElo "2128"]
[Annotator "TA"]
[PlyCount "108"]
[EventDate "2019.01.09"]
[EventType "swiss"]
[EventCountry "GUA"]
[SourceTitle "playchess.com"]
[Source "ChessBase"]
[SourceQuality "1"]

{[%evp 15,108,0,-21,-20,-18,-22,-2,-29,-4,-52,-56,-56,-52,-47,-67,-111,0,0,0,-47,-43,-64,-44,-50,-43,-46,-45,-57,0,0,0,0,0,-31,0,0,50,0,8,-48,0,-13,0,-29,28,-34,-34,-23,-20,-17,-18,-21,0,-30,6,8,6,6,6,10,4,8,6,11,12,12,10,0,8,0,0,0,0,0,8,0,0,0,0,0,0,0,89,0,0,0,8,0,0,0,16,0,0,-8,-8]} 1. Nf3 d5 2. c4 d4 3. b4 c5 4. e3 dxe3 5. fxe3 cxb4 6. d4 Nf6 {A09: Réti Opening: 1 Nf3 d5 2 c4} 7. Bd3 g6 8. O-O (8. a3 bxa3 9. O-O Bg7 10. Nc3 O-O 11. Bxa3 b6 12. Kh1 Nc6 13. Rc1 Bg4 14. h3 Bxf3 15. Qxf3 {1-0 (45) Wei,Y (2735)-Inarkiev,E (2690) Magas 2018}) 8... Bg7 {LiveBook: 5 Games} 9. Nbd2 O-O 10. Bb2 Nc6 11. Qc2 $146 ({Predecessor:} 11. Qe2 Bg4 12. h3 Bxf3 13. Nxf3 Nd7 14. Rad1 {0-1 (39) Mokhov,L (2149)-Sosnin,M Berdsk 2008}) 11... Bg4 12. Kh1 Nd7 13. Rab1 e5 14. d5 Nc5 15. Be2 e4 (15... Na5 $17) 16. Bxg7 $11 Kxg7 17. dxc6 (17. Nxe4 Nxe4 18. dxc6 Qe7 $11) 17... exf3 18. gxf3 Bf5 19. e4 $1 Bh3 20. cxb7 Rb8 21. Rfd1 Qg5 (21... Rxb7 $15 22. Nb3 Qg5) 22. Bf1 Bxf1 23. Nxf1 {aiming for Rd5.} Rxb7 (23... Qf6 $5 {[%cal Rf6f3]}) 24. Qf2 {[#] Hoping for Rd5.} (24. Rd5 $5 {[%cal Rd5g5]} Qe7 25. Ne3 $11) 24... Ne6 25. Ne3 Nf4 26. Rg1 Qe5 27. Qh4 (27. Ng4 $11 Qc7 28. Qd2) 27... f6 {[%cal Bf7f6,Bf6f5,Bf5e4][%mdl 32]} 28. Rbd1 Kh8 29. Qh6 {[%cal Rh6f8]} (29. Nd5 $5 {[%cal Rd5f4]} g5 30. Qg3 $11) 29... Rg8 (29... Rbf7 $142) 30. Rg4 (30. c5 $11) 30... Ne6 $15 31. Nd5 f5 32. Rg2 fxe4 33. Re1 Rf7 (33... Qg7 {is more complex.} 34. Qxg7+ Nxg7 35. Rxe4 a5 36. Rd2 Rd8) 34. Qe3 (34. Rxe4 {looks sharper.} Qd6 35. Qe3 Ng7 36. Rd2 Rgf8 37. c5) 34... Rxf3 {[#]} (34... Rgf8 {seems wilder.} 35. Qxe4 Qxe4 36. Rxe4 Nc5 37. Re5 Nd3) 35. Qxf3 $1 {[%mdl 512]} exf3 36. Rxe5 fxg2+ 37. Kxg2 $11 {[%mdl 4096] Endgame KRN-KRN} Nd4 38. Nxb4 Rb8 39. Nd3 Nf5 40. Kf3 Kg7 41. Rd5 Re8 42. c5 Kf6 43. Rd7 Re3+ 44. Kf2 Re7 45. Rxe7 Nxe7 {KN-KN} 46. Ke3 g5 47. Ke4 h5 48. Ne5 g4 (48... Ke6 $11 {remains equal.}) 49. Nd3 ({White should play} 49. c6 $16) 49... Kg5 {The position is equal.} 50. Nf4 h4 51. Ne6+ Kf6 52. Nf4 Kg5 53. Ne6+ Kf6 54. Nd4 g3 {Accuracy: White = 37%, Black = 56%.} 1/2-1/2

[Event "IRT Club Caissa 2019"]
[Site "Guatemala"]
[Date "2019.01.12"]
[Round "8"]
[White "Cardenas Carbajal, Nilson"]
[Black "Lorenzana, Wilson Estuardo"]
[Result "1/2-1/2"]
[WhiteElo "2095"]
[BlackElo "2285"]
[Annotator "TA"]
[PlyCount "106"]
[EventDate "2019.01.09"]
[EventType "swiss"]
[EventCountry "GUA"]
[SourceTitle "playchess.com"]
[Source "ChessBase"]
[SourceQuality "1"]

{[%evp 15,106,56,60,52,52,52,56,53,61,56,74,67,81,43,52,0,0,0,16,-21,-35,-23,-11,-14,0,0,0,-30,-20,-53,22,17,28,25,15,18,33,12,34,20,118,0,114,109,109,109,127,127,153,142,188,151,143,139,215,198,184,81,122,0,143,30,75,76,75,39,39,39,90,39,39,25,25,25,25,25,25,25,25,25,25,25,25,0,25,0,25,25,25,18,18,18,18]} 1. e4 c5 2. d4 cxd4 3. c3 d3 4. Bxd3 d6 5. Nf3 e6 6. c4 {B40: Sicilian: 2...e6, Unusual lines} Nd7 7. O-O Ngf6 8. Nc3 a6 {LiveBook: 8 Games} 9. Bf4 (9. h3 Qc7 10. Be3 Be7 11. Rc1 b6 12. Qe2 Bb7 13. Bb1 O-O {½-½ (48) Esserman,M (2446)-Fedorowicz,J (2440) ICC INT 2011}) 9... Qc7 10. Qd2 Be7 11. Rac1 O-O $146 ({Predecessor:} 11... Ne5 12. c5 Nxf3+ 13. gxf3 {1-0 (25) Spaan,T (2315)-De Beer,D Netherlands 1994}) 12. Rfd1 Ne5 13. Be2 b6 14. Bg5 Rd8 15. Nxe5 (15. Nd4 $14) 15... dxe5 $11 16. Qe3 Bb7 17. a3 h6 18. Bh4 Rxd1+ 19. Rxd1 Ng4 20. Qg3 {And now Bxe7 would win.} Nf6 21. Qe3 Rd8 22. Rxd8+ Bxd8 (22... Qxd8 $15 23. Bxf6 Bxf6) 23. b4 Nd7 24. Bxd8 Qxd8 25. f3 Kf8 26. Na4 Bc6 27. Nb2 f5 {[#]} (27... Qe7 $11 {remains equal.}) 28. Nd3 (28. Qd3 $1 $16 {[%cal Rd3d6]} Qe7 29. exf5) 28... Qf6 (28... fxe4 $11 29. fxe4 Qe7) 29. c5 $16 b5 30. Nf2 Qe7 31. Bd3 Qf6 32. Qd2 f4 33. Bc2 {Hoping for Qd6+.} Qe7 34. Bb3 h5 (34... Kf7 $16 35. Nd3 g5) 35. Qa2 $18 Kf7 36. Nh3 (36. Nd3 $18) 36... Kf6 37. Nf2 ({White should play} 37. g3 $16) 37... g5 {[#]} (37... Kf7 $11) 38. a4 (38. Nd3 $1 $16) 38... Nf8 39. axb5 axb5 40. Qd2 (40. Kf1 {keeps more tension.} Ng6 41. Qa6 Qb7 42. Qa5 Ne7 43. Bd1) 40... Qd7 41. Qxd7 Bxd7 $14 {[%mdl 4096] Endgame KBN-KBN} ({Better is} 41... Nxd7 $14 42. Nd3 Nb8) 42. Kf1 ({White should try} 42. h4 $16) 42... Bc6 43. h3 Nd7 44. Ke2 Nb8 45. Kd2 Bd7 46. Kc3 Nc6 47. Bd1 Nd4 48. Nd3 Bc6 49. Nf2 Bd7 50. Nd3 Bc6 51. Ne1 Bd7 52. Nc2 Nxc2 53. Kxc2 h4 {Accuracy: White = 48%, Black = 56%.} 1/2-1/2

[Event "IRT Club Caissa 2019"]
[Site "Guatemala"]
[Date "2019.01.13"]
[Round "9"]
[White "Almeida Quintana, Omar"]
[Black "Gonzalez, Renier"]
[Result "1-0"]
[WhiteElo "2540"]
[BlackElo "2451"]
[Annotator "TA"]
[PlyCount "51"]
[EventDate "2019.01.09"]
[EventType "swiss"]
[EventCountry "GUA"]
[SourceTitle "playchess.com"]
[Source "ChessBase"]
[SourceQuality "1"]

{[%evp 23,51,77,66,50,44,47,48,41,116,116,157,160,165,158,149,152,157,162,511,502,480,308,566,566,547,566,1044,981,1206,1169]} 1. d4 Nf6 2. c4 d6 3. Nf3 Bg4 4. Nc3 Nbd7 5. e4 e5 6. Be2 Be7 7. O-O O-O 8. Be3 c6 9. d5 cxd5 10. cxd5 {A53: Old Indian Defence without Nf3} Bxf3 11. Bxf3 Qb8 12. a4 {[%cal Ba2a4,Ba4a5][%mdl 32]} Rc8 {LiveBook: 6 Games} 13. Be2 Bd8 14. a5 a6 15. Ra3 {[#]} Nc5 $146 (15... b6 $14) ({Predecessor:} 15... g6 16. Qb1 h5 17. h3 Kg7 {½-½ (33) Lalic,B (2488)-Illescas Cordoba,M (2608) Dos Hermanas 2006}) 16. Qb1 $16 b6 17. b4 {[%cal Bb2b4,Bb4b5][%mdl 32]} Ncd7 18. b5 $1 bxa5 19. bxa6 Nc5 {[#]} 20. Bxc5 $1 Rxc5 $2 (20... Qxb1 21. Rxb1 Rxc5) 21. Rb3 $18 Qc8 {[#]} 22. Na4 $1 Nd7 $2 (22... Rc2) 23. Bg4 {White is clearly winning.} Rc4 24. Rb7 Bc7 25. Bxd7 Qxd7 26. Nb6 {[%mdl 64] Double Attack. Accuracy: White = 88%, Black = 28%.} 1-0

[Event "IRT Club Caissa 2019"]
[Site "Guatemala"]
[Date "2019.01.13"]
[Round "9"]
[White "Cuenca Jimenez, Jose Fernando"]
[Black "Barrientos, Sergio E"]
[Result "1/2-1/2"]
[WhiteElo "2512"]
[BlackElo "2494"]
[Annotator "TA"]
[PlyCount "83"]
[EventDate "2019.01.09"]
[EventType "swiss"]
[EventCountry "GUA"]
[SourceTitle "playchess.com"]
[Source "ChessBase"]
[SourceQuality "1"]

{[%evp 16,83,-13,-20,-12,-26,38,36,28,33,50,51,48,39,48,35,49,37,31,0,0,0,0,0,0,-29,0,0,0,0,0,0,6,10,2,-7,-8,-10,-8,-10,0,0,21,21,21,21,25,21,33,8,8,8,8,8,8,8,19,0,0,0,0,0,0,0,0,0,1,1,1,1]} 1. e4 c5 2. Nc3 Nc6 3. Bb5 g6 4. Bxc6 bxc6 5. Nf3 Bg7 6. O-O d6 7. d3 {B31: Sicilian: 2...Nc6 3 Bb5 g6} e5 8. Ne1 (8. a3 a5 9. Nd2 Ne7 10. Na4 Be6 11. Nc4 O-O 12. Bd2 d5 13. Ncb6 Ra6 14. Qe1 Rxb6 15. Bxa5 {1-0 (45) Delgado Ramirez,N (2602)-Diamant,A (2533) Brasilia 2018}) 8... Ne7 9. f4 {LiveBook: 4 Games} exf4 10. Bxf4 O-O (10... h6 $11) 11. Qd2 $14 Rb8 12. Rb1 Be6 13. Nf3 Re8 $146 ({Predecessor:} 13... Qc7 14. b3 Rb7 15. Ne2 {1-0 (32) Jayakumaar,S (2223)-Shet,P (1963) Bengaluru 2015}) 14. Kh1 Rb7 15. b3 Rd7 16. e5 Nd5 17. Ne4 Nxf4 18. Qxf4 {[%cal Re4d6]} dxe5 $1 19. Nxe5 {[%mdl 64] [#] Double Attack} Rc7 20. Nf3 Rce7 21. Nxc5 Bf5 22. g4 Bc8 23. Ne4 f5 24. gxf5 Bxf5 25. Nd6 {[%mdl 64] [#] Double Attack} Be5 26. Nxe5 Qxd6 27. Ng4 {Nh6+ is the strong threat.} Qxf4 28. Rxf4 {Black must now prevent Nf6+.} Re1+ 29. Rxe1 Rxe1+ $11 {[%mdl 4096] Endgame KRB-KRN} 30. Kg2 Re2+ 31. Kg3 Kg7 32. Ra4 Bxg4 {The position is equal.} 33. Rxg4 {aiming for Rc4.} Rxc2 {KR-KR} 34. Ra4 h5 35. Rxa7+ Kf6 36. Rd7 Rxa2 37. Rd6+ Kf5 38. Rxc6 h4+ {[%mdl 64] Decoy} 39. Kxh4 Rxh2+ 40. Kg3 Rd2 41. Rc3 Ke5 42. b4 {Accuracy: White = 54%, Black = 48%.} 1/2-1/2

[Event "IRT Club Caissa 2019"]
[Site "Guatemala"]
[Date "2019.01.13"]
[Round "9"]
[White "Mitkov, Nikola"]
[Black "Reyes Najera, Carlos A."]
[Result "1-0"]
[WhiteElo "2477"]
[BlackElo "2124"]
[Annotator "TA"]
[PlyCount "40"]
[EventDate "2019.01.09"]
[EventType "swiss"]
[EventCountry "GUA"]
[SourceTitle "playchess.com"]
[Source "ChessBase"]
[SourceQuality "1"]

{[%evp 14,40,0,-19,64,0,0,0,0,0,0,-33,32,45,292,271,572,544,783,752,1201,1201,1162,948,1176,1156,29983,29984,29998]} 1. e4 c5 2. Nc3 d6 3. f4 g6 4. Nf3 Bg7 5. Bb5+ Bd7 6. Bc4 {B23: Closed Sicilian: Lines without g3} (6. a4 Nc6 7. O-O e6 8. Bxc6 Bxc6 9. Kh1 Nf6 10. d3 O-O 11. Be3 b6 12. Qe1 d5 13. e5 d4 14. exf6 Bxf6 {1-0 (67) Amonatov,F (2636)-Kokarev,D (2615) Riadh 2017}) 6... Nc6 7. d3 e6 8. O-O {LiveBook: 30 Games. The position is equal.} Na5 ({Black should try} 8... Nge7 $11) 9. Qe1 (9. f5 $1 $14) 9... Ne7 $11 10. a4 $146 ({Predecessor:} 10. f5 Nxc4 11. dxc4 O-O 12. fxg6 fxg6 13. Bg5 h6 14. Qh4 Rxf3 15. Bxe7 Rxf1+ 16. Rxf1 g5 17. Bxd8 gxh4 18. Bf6 Rf8 19. Bxg7 Rxf1+ 20. Kxf1 {½-½ (20) Thorpe,T (1892)-Rysbayeva,A (2157) Cardiff 2017}) 10... O-O 11. Ba2 Nac6 12. f5 exf5 (12... gxf5 $15 13. Qg3 Ne5) 13. Qh4 $1 $14 Be8 $2 ({Better is} 13... c4 $14) 14. Bh6 $18 Qd7 $2 (14... Bd7 {is more resistant.} 15. Ng5 (15. Bxg7 Kxg7 16. g4 Ng8 $11) 15... Bf6 16. Bxf8 Bxg5 17. Qxg5 Qxf8 18. exf5 Nxf5) 15. Ng5 {[#] Black must now prevent Bxg7.} ({Stronger than} 15. Bxg7 Kxg7 16. d4 (16. Ng5 h6 $15) 16... cxd4 $11) 15... Bf6 16. Bxf8 Bxg5 17. Qxg5 {Qh6 would kill now.} Kxf8 18. Qh6+ Kg8 19. Rf4 {[#] White threatens Rh4 and mate.} fxe4 20. Nxe4 Na5 {Accuracy: White = 65%, Black = 15%.} 1-0